[Event "Olympiad Women-44"]
[White "Comas Colon, Rinelly M"]
[Black "Petricenco, Ana"]
[Site "Chennai"]
[Round "8.3"]
[Result "0-1"]
[Date "2022.08.06"]
[WhiteElo "1585"]
[BlackElo "1912"]
[PlyCount "86"]
[EventDate "2022.07.29"]
[EventType "team-swiss"]
[EventRounds "11"]
[EventCountry "IND"]
[SourceTitle "CBM 210"]
[Source "ChessBase"]
[SourceDate "2022.10.31"]
[SourceVersion "1"]
[SourceVersionDate "2022.10.31"]
[SourceQuality "1"]
[WhiteTeam "Puerto Rico (W)"]
[BlackTeam "Moldova (W)"]
[WhiteTeamCountry "PUR"]
[BlackTeamCountry "MDA"]

1. c4 c6 2. g3 d5 3. cxd5 cxd5 4. d4 Nf6 5. Bg2 Nc6 6. Nf3 Bf5 7. Nc3 e6 8. Ne5 Bd6 9. Nxc6 bxc6 10. 0-0 0-0 11. Bg5 Be7 12. Qa4 Qb6 13. e4 dxe4 14. Nxe4 Nxe4 15. Bxe7 Rfe8 16. Ba3 Red8 17. Rad1 Rac8 18. Rfe1 Nf6 19. Be7 Rd7 20. Bxf6 gxf6 21. b3 Rd6 22. Rd2 Rcd8 23. Rc1 Rxd4 24. Rxd4 Rxd4 25. Qxc6 Rd2 26. Qxb6 axb6 27. a3 Rd3 28. b4 Rxa3 29. Bc6 Rb3 30. Rc4 Bd3 31. Rd4 Rb1+ 32. Kg2 Bf1+ 33. Kf3 Rb3+ 34. Kg4 e5 35. Rd7 Rxb4+ 36. f4 exf4 37. gxf4 h5+ 38. Kg3 Bb5 39. Rd8+ Kg7 40. Bf3 Rb3 41. Kf2 h4 42. Rb8 Bd7 43. Rb7 Rxf3+ 0-1

[Event "Olympiad Women-44"]
[White "Comas Colon, Rinelly M"]
[Black "Eversley, Kiarra"]
[Site "Chennai"]
[Round "7.3"]
[Result "1/2-1/2"]
[Date "2022.08.05"]
[WhiteElo "1585"]
[BlackElo "1356"]
[PlyCount "59"]
[EventDate "2022.07.29"]
[EventType "team-swiss"]
[EventRounds "11"]
[EventCountry "IND"]
[SourceTitle "CBM 210"]
[Source "ChessBase"]
[SourceDate "2022.10.31"]
[SourceVersion "1"]
[SourceVersionDate "2022.10.31"]
[SourceQuality "1"]
[WhiteTeam "Puerto Rico (W)"]
[BlackTeam "Barbados (W)"]
[WhiteTeamCountry "PUR"]
[BlackTeamCountry "BAR"]

1. c4 e6 2. Nc3 Nf6 3. e4 d5 4. e5 Nfd7 5. d4 dxc4 6. Bxc4 Nc6 7. Nf3 Nb6 8. Bb3 Ne7 9. 0-0 Ned5 10. Ne4 Bd7 11. Bg5 Be7 12. a3 Bc6 13. Qd2 h6 14. Bxe7 Qxe7 15. Rfe1 0-0-0 16. Rac1 Qf8 17. Qa5 Kb8 18. Nfd2 Nf4 19. Rxc6 bxc6 20. Nc5 Rxd4 21. Nde4 Nd3 22. Rd1 Nxc5 23. Nxc5 Rxd1+ 24. Bxd1 Qc8 25. Bf3 Rd8 26. Na6+ Kb7 27. Nc5+ Kb8 28. Na6+ Kb7 29. Nc5+ Kb8 30. Na6+ 1/2-1/2

[Event "Olympiad Women-44"]
[White "Ali, Amy"]
[Black "Comas Colon, Rinelly M"]
[Site "Chennai"]
[Round "4.3"]
[Result "0-1"]
[Date "2022.08.01"]
[WhiteElo "1361"]
[BlackElo "1585"]
[PlyCount "72"]
[EventDate "2022.07.29"]
[EventType "team-swiss"]
[EventRounds "11"]
[EventCountry "IND"]
[SourceTitle "CBM 210"]
[Source "ChessBase"]
[SourceDate "2022.10.31"]
[SourceVersion "1"]
[SourceVersionDate "2022.10.31"]
[SourceQuality "1"]
[WhiteTeam "Trinidad and Tobago (W)"]
[BlackTeam "Puerto Rico (W)"]
[WhiteTeamCountry "TRI"]
[BlackTeamCountry "PUR"]

1. e4 e5 2. Nf3 f6 3. Bc4 Bc5 4. b3 Nc6 5. Ba3 b6 6. Bxc5 bxc5 7. Nxe5 Nxe5 8. f4 Nxc4 9. bxc4 Qe7 10. 0-0 Bb7 11. d3 Nh6 12. f5 c6 13. Qh5+ Nf7 14. Qf3 Rd8 15. Nc3 d6 16. g4 Rd7 17. Rae1 0-0 18. h4 Ne5 19. Qh3 Re8 20. g5 Qd8 21. Rf2 d5 22. Rg2 dxc4 23. gxf6 cxd3 24. cxd3 Rxd3 25. Qh2 Rxc3 26. Qf4 Nf3+ 27. Kf1 Ba6+ 28. Ree2 Qd1+ 29. Kf2 Qxe2+ 30. Kg3 Ne1+ 31. Qe3 Qxe3+ 32. Kg4 Qf3+ 33. Kg5 Nxg2 34. fxg7 Qxe4 35. f6 Re5+ 36. Kh6 Qg6# 0-1

[Event "Olympiad Women-44"]
[White "Comas Colon, Rinelly M"]
[Black "Zatonskih, Anna"]
[Site "Chennai"]
[Round "1.3"]
[Result "0-1"]
[Date "2022.07.29"]
[WhiteElo "1585"]
[BlackElo "2383"]
[PlyCount "120"]
[EventDate "2022.07.29"]
[EventType "team-swiss"]
[EventRounds "11"]
[EventCountry "IND"]
[SourceTitle "CBM 210"]
[Source "ChessBase"]
[SourceDate "2022.10.31"]
[SourceVersion "1"]
[SourceVersionDate "2022.10.31"]
[SourceQuality "1"]
[WhiteTeam "Puerto Rico (W)"]
[BlackTeam "United States (W)"]
[WhiteTeamCountry "PUR"]
[BlackTeamCountry "USA"]

1. c4 e5 2. Nc3 Nf6 3. e4 Bc5 4. g3 Nc6 5. Bg2 0-0 6. h3 d6 7. d3 Nd4 8. Nge2 c6 9. a3 Nxe2 10. Qxe2 Re8 11. Be3 Be6 12. 0-0 Bd4 13. Qd2 Bxe3 14. Qxe3 Qd7 15. Kh2 d5 16. cxd5 cxd5 17. Nxd5 Nxd5 18. exd5 Bxd5 19. Bxd5 Qxd5 20. Qe4 Rad8 21. Rad1 g6 22. Rfe1 Qb3 23. Qe2 Re6 24. Rd2 Rd4 25. Rc1 Qd5 26. Rc4 Rd6 27. Rxd4 Qxd4 28. f3 Kg7 29. Kg2 Rd5 30. Qe4 Qc5 31. b4 Qd6 32. Kf2 b6 33. h4 Rd4 34. Qe3 h5 35. Ke2 Rd5 36. Rc2 a5 37. Rc4 axb4 38. axb4 Qe6 39. f4 Qg4+ 40. Kd2 exf4 41. Rxf4 Qd7 42. Re4 Qa7 43. Rc4 Qa2+ 44. Rc2 Qb3 45. Qe4 Rd8 46. Qe5+ Kg8 47. Qe4 b5 48. Rc3 Qb2+ 49. Rc2 Qf6 50. Qe3 Rd6 51. Rc8+ Kg7 52. Rc2 Rd4 53. Rc6 Rxd3+ 54. Kxd3 Qxc6 55. Qd4+ Kg8 56. Qd8+ Kh7 57. Qe7 Qc4+ 58. Ke3 Kg7 59. Qd6 Qc3+ 60. Kf4 Qf6+ 0-1

[Event "Online Olym Div3 D"]
[White "Comas Colon, Rinelly M"]
[Black "Hernandez Bonilla, Amelia"]
[Site "Chess.com INT"]
[Round "1.4"]
[Result "0-1"]
[Date "2020.08.07"]
[WhiteElo "1611"]
[BlackElo "2016"]
[PlyCount "36"]
[EventDate "2020.08.07"]
[EventType "team-tourn (rapid)"]
[EventRounds "9"]
[EventCountry "USA"]
[SourceTitle "CBM 198"]
[Source "ChessBase"]
[SourceDate "2020.10.31"]
[SourceVersion "1"]
[SourceVersionDate "2020.10.31"]
[SourceQuality "1"]
[WhiteTeam "Puerto Rico"]
[BlackTeam "Venezuela"]
[WhiteTeamCountry "PUR"]
[BlackTeamCountry "VEN"]

1. c4 e5 2. g3 Nc6 3. Bg2 d6 4. d3 g6 5. Nf3 Bg7 6. 0-0 Nge7 7. e4 0-0 8. Nc3 h6 9. Be3 Nd4 10. b4 Bg4 11. Bxd4 exd4 12. Ne2 Qd7 13. Rb1 f5 14. Nf4 fxe4 15. dxe4 g5 16. Nd5 Ng6 17. Qd3 Bxf3 18. Bxf3 Ne5 0-1

[Event "PUR-ch (Women)"]
[White "Maldonado Polo, Mariangeli"]
[Black "Comas Colon, Rinelly M"]
[Site "Guaynabo"]
[Round "5"]
[Result "0-1"]
[Date "2020.03.08"]
[WhiteElo "1266"]
[BlackElo "1610"]
[PlyCount "92"]
[EventDate "2020.03.06"]
[EventType "swiss"]
[EventRounds "5"]
[EventCountry "PUR"]
[SourceTitle "CBM 195 Extra"]
[Source "ChessBase"]
[SourceDate "2020.05.31"]
[SourceVersion "1"]
[SourceVersionDate "2020.05.31"]
[SourceQuality "1"]

1. e4 d6 2. d4 g6 3. Nf3 Bg7 4. Nc3 Nf6 5. Bc4 0-0 6. 0-0 c6 7. Be3 Nbd7 8. Qd2 Qc7 9. h3 b5 10. Bd3 a6 11. Bh6 Bb7 12. Bxg7 Kxg7 13. Rfe1 e5 14. Qe3 Rfe8 15. Rad1 b4 16. dxe5 dxe5 17. Ne2 c5 18. Ng3 c4 19. Bf1 h6 20. Kh1 Rac8 21. Rd2 c3 22. bxc3 Qxc3 23. Qxc3 Rxc3 24. Rb1 a5 25. Bd3 Rc7 26. Rb3 Nc5 27. Rb1 Nfxe4 28. Nxe4 Nxe4 29. Re2 Nc3 30. Rbe1 Nxe2 31. Rxe2 f6 32. Nd2 Ree7 33. Kh2 e4 34. Nxe4 Bxe4 35. Rxe4 Rxe4 36. Bxe4 f5 37. Bd3 Kf6 38. Kg3 a4 39. Kf4 g5+ 40. Ke3 Ke5 41. g3 f4+ 42. gxf4+ gxf4+ 43. Kd2 Kd4 44. h4 Rg7 45. f3 Rg2+ 46. Be2 Rh2 0-1

[Event "PUR-ch (Women)"]
[White "Comas Colon, Rinelly M"]
[Black "Vazquez Maccarini, Danitza"]
[Site "Guaynabo"]
[Round "2"]
[Result "0-1"]
[Date "2020.03.07"]
[WhiteElo "1610"]
[BlackElo "2077"]
[PlyCount "64"]
[EventDate "2020.03.06"]
[EventType "swiss"]
[EventRounds "5"]
[EventCountry "PUR"]
[SourceTitle "CBM 195 Extra"]
[Source "ChessBase"]
[SourceDate "2020.05.31"]
[SourceVersion "1"]
[SourceVersionDate "2020.05.31"]
[SourceQuality "1"]

1. c4 e5 2. g3 Nc6 3. Bg2 d6 4. Nc3 f5 5. e3 Nf6 6. Nge2 e4 7. d3 exd3 8. Qxd3 Be7 9. b3 0-0 10. 0-0 Ne5 11. Qd1 c6 12. Nf4 Qb6 13. Na4 Qc7 14. Bb2 Ne4 15. Nd3 Bf6 16. Nxe5 Bxe5 17. Qc2 Qf7 18. Bxe5 dxe5 19. Bxe4 fxe4 20. Qxe4 Bh3 21. f3 Bxf1 22. Rxf1 Qf5 23. Nc5 Qxe4 24. Nxe4 Rfd8 25. Re1 b6 26. Kf2 a5 27. h4 h6 28. f4 Ra7 29. Kf3 Re7 30. g4 exf4 31. exf4 Rd3+ 32. Kf2 Kf8 0-1

[Event "PUR-ch (Women)"]
[White "Maldonado Polo, Mariangeli"]
[Black "Comas Colon, Rinelly M"]
[Site "Guaynabo"]
[Round "4"]
[Result "0-1"]
[Date "2019.10.13"]
[WhiteElo "1247"]
[BlackElo "1684"]
[PlyCount "92"]
[EventDate "2019.10.11"]
[EventType "swiss"]
[EventRounds "5"]
[EventCountry "PUR"]
[SourceTitle "CBM 195 Extra"]
[Source "ChessBase"]
[SourceDate "2020.05.31"]
[SourceVersion "1"]
[SourceVersionDate "2020.05.31"]
[SourceQuality "1"]

1. e4 d6 2. d4 c5 3. Be3 cxd4 4. Bxd4 Nc6 5. Be3 g6 6. Nc3 Bg7 7. Qd2 Be6 8. Nf3 a6 9. Nd4 Nxd4 10. Bxd4 Nf6 11. Rd1 0-0 12. Be2 b5 13. a3 Rc8 14. 0-0 Bc4 15. Bxc4 Rxc4 16. Rfe1 Qc8 17. f3 Re8 18. Re2 b4 19. axb4 Rxb4 20. b3 Rb8 21. e5 dxe5 22. Rxe5 e6 23. Rc5 Qb7 24. Qf4 Nh5 25. Qg4 Bxd4+ 26. Rxd4 Nf6 27. Qg5 Qa7 28. Kh1 Nd5 29. Rcxd5 exd5 30. Rd1 Qd4 31. Qxd5 Qxc3 32. Kg1 Re1+ 33. Kf2 Rxd1 34. Qxd1 Rc8 35. Kg3 Qxc2 36. Qd7 Qc7+ 37. Qxc7 Rxc7 38. Kf4 Rb7 39. h4 Rxb3 40. g4 a5 41. Kg5 Rxf3 42. Kh6 Rh3 43. h5 gxh5 44. gxh5 a4 45. Kg5 a3 46. Kh6 a2 0-1

[Event "PUR-ch (Women)"]
[White "Comas Colon, Rinelly M"]
[Black "Bengoa Feliciano, Katsi M"]
[Site "Guaynabo"]
[Round "2"]
[Result "0-1"]
[Date "2019.10.12"]
[WhiteElo "1684"]
[BlackElo "1214"]
[PlyCount "82"]
[EventDate "2019.10.11"]
[EventType "swiss"]
[EventRounds "5"]
[EventCountry "PUR"]
[SourceTitle "CBM 195 Extra"]
[Source "ChessBase"]
[SourceDate "2020.05.31"]
[SourceVersion "1"]
[SourceVersionDate "2020.05.31"]
[SourceQuality "1"]

1. g3 d5 2. d4 e6 3. Bg2 Bd6 4. Nd2 f5 5. c4 c6 6. c5 Bc7 7. e3 Nf6 8. Ne2 0-0 9. 0-0 b6 10. b4 a5 11. Ba3 Ne4 12. Nxe4 fxe4 13. cxb6 Bxb6 14. bxa5 Re8 15. axb6 Rxa3 16. Qc1 Qd6 17. Qb2 Ba6 18. Rfc1 Bxe2 19. Qxe2 Re7 20. Bh3 e5 21. Rab1 exd4 22. exd4 Ra5 23. Rc3 Ra3 24. Rbb3 Rxb3 25. Rxb3 c5 26. dxc5 Qxc5 27. Rb5 Qc1+ 28. Qf1 Qc6 29. a4 d4 30. Qd1 d3 31. Qb3+ Kh8 32. Rf5 g6 33. Rf8+ Kg7 34. Rxb8 Qc1+ 35. Kg2 d2 36. Qg8+ Kh6 37. Qf8+ Rg7 38. Qf4+ g5 39. Qf6+ Rg6 40. Qf8+ Kh5 41. Rb7 h6 0-1

[Event "Olympiad Women-43"]
[White "Efentakis, Katina"]
[Black "Comas Colon, Rinelly M"]
[Site "Batumi"]
[Round "3.71"]
[Result "1-0"]
[Date "2018.09.26"]
[WhiteElo "1451"]
[BlackElo "1720"]
[PlyCount "65"]
[EventDate "2018.09.24"]
[EventType "team-swiss"]
[EventRounds "11"]
[EventCountry "GEO"]
[SourceTitle "EXT 2020"]
[Source "ChessBase"]
[SourceDate "2019.10.17"]
[SourceVersion "1"]
[SourceVersionDate "2019.10.17"]
[SourceQuality "1"]
[WhiteTeam "Mozambique (W)"]
[BlackTeam "Puerto Rico (W)"]
[WhiteTeamCountry "MOZ"]
[BlackTeamCountry "PUR"]

1. e4 g6 2. Nf3 Bg7 3. Bc4 d6 4. d4 Nf6 5. Nc3 c6 6. e5 dxe5 7. Nxe5 e6 8. Bg5 h6 9. Bh4 g5 10. Bg3 b5 11. Bb3 a5 12. a3 a4 13. Ba2 Qb6 14. 0-0 Nbd7 15. Re1 0-0 16. h4 Bb7 17. hxg5 hxg5 18. Ne4 Nxe4 19. Nxd7 Qd8 20. Nxf8 Nxg3 21. Nxe6 fxe6 22. Bxe6+ Kf8 23. Qf3+ Qf6 24. Qxg3 Qf4 25. Qxf4+ gxf4 26. c3 c5 27. dxc5 Bc6 28. Rad1 Ra7 29. Bd5 Be8 30. c6 Rc7 31. Re4 Bh6 32. Rb4 Bh5 33. f3 1-0

[Event "Olympiad Women-43"]
[White "Comas Colon, Rinelly M"]
[Black "Shabanaj, Alda"]
[Site "Batumi"]
[Round "2.39"]
[Result "1/2-1/2"]
[Date "2018.09.25"]
[WhiteElo "1720"]
[BlackElo "1853"]
[PlyCount "91"]
[EventDate "2018.09.24"]
[EventType "team-swiss"]
[EventRounds "11"]
[EventCountry "GEO"]
[SourceTitle "EXT 2020"]
[Source "ChessBase"]
[SourceDate "2019.10.17"]
[SourceVersion "1"]
[SourceVersionDate "2019.10.17"]
[SourceQuality "1"]
[WhiteTeam "Puerto Rico (W)"]
[BlackTeam "Albania (W)"]
[WhiteTeamCountry "PUR"]
[BlackTeamCountry "ALB"]

1. c4 Nf6 2. g3 g6 3. Bg2 Bg7 4. Nc3 c6 5. e4 d6 6. Nge2 e5 7. d3 0-0 8. Bg5 Qc7 9. Bxf6 Bxf6 10. 0-0 Bg7 11. Kh1 f5 12. f3 Be6 13. b4 Nd7 14. Rb1 fxe4 15. Nxe4 Nf6 16. Nxf6+ Rxf6 17. f4 Raf8 18. Qc2 Bg4 19. fxe5 Rxf1+ 20. Rxf1 Rxf1+ 21. Bxf1 Qf7 22. Kg1 Bxe5 23. d4 Bxe2 24. Qxe2 Bxd4+ 25. Kh1 Kg7 26. a4 Qf6 27. Bg2 Qe5 28. Bf3 Qxe2 29. Bxe2 Kf6 30. Bf3 Ke5 31. b5 d5 32. bxc6 bxc6 33. cxd5 cxd5 34. Kg2 Bb6 35. h4 h6 36. g4 g5 37. hxg5 hxg5 38. Kf1 d4 39. Bb7 Kf4 40. Bc8 Ke3 41. Ke1 Kd3 42. Kd1 Kc3 43. Be6 d3 44. Bc8 d2 45. Bd7 Be3 46. Bb5 1/2-1/2

[Event "PUR-ch (Women)"]
[White "Comas Colon, Rinelly M"]
[Black "Maldonado Polo, Mariangeli"]
[Site "Guaynabo"]
[Round "4"]
[Result "1-0"]
[Date "2018.07.01"]
[WhiteElo "1759"]
[BlackElo "1248"]
[PlyCount "109"]
[EventDate "2018.06.29"]
[EventType "tourn"]
[EventRounds "10"]
[EventCountry "PUR"]
[SourceTitle "EXT 2019"]
[Source "ChessBase"]
[SourceDate "2018.10.10"]
[SourceVersion "1"]
[SourceVersionDate "2018.10.10"]
[SourceQuality "1"]

1. c4 e5 2. g3 Nf6 3. Bg2 Bc5 4. Nc3 0-0 5. e3 Nc6 6. Nge2 Re8 7. d3 d6 8. 0-0 Be6 9. Nd5 Bxd5 10. cxd5 Ne7 11. Nc3 Rc8 12. a3 Bb6 13. b4 c6 14. dxc6 Nxc6 15. Nd5 Nxd5 16. Bxd5 Qd7 17. Qf3 Re7 18. Bb2 Nd8 19. Rfc1 Rxc1+ 20. Rxc1 Ne6 21. Qh5 h6 22. h4 Re8 23. Rc4 Rc8 24. Qf3 Rxc4 25. dxc4 Nd8 26. b5 a6 27. a4 Bc5 28. Kh2 Bb6 29. Kg1 Bc5 30. Kh2 Bb4 31. Qe4 Be1 32. f3 Kh8 33. Qb1 Bd2 34. Qd3 Ba5 35. Ba3 Bb6 36. f4 exf4 37. exf4 Qe7 38. Be4 Bc5 39. Bb2 f5 40. Bxf5 Qe1 41. Qb1 Qb4 42. Qc2 axb5 43. axb5 d5 44. cxd5 Qxb5 45. Bd3 Qb6 46. Be5 Nf7 47. d6 Bxd6 48. Qc8+ Nd8 49. Qd7 Bf8 50. Bxg7+ Kg8 51. Bc4+ Ne6 52. Bxe6+ Kh7 53. Bxf8+ Kg6 54. Qg7+ Kh5 55. Qxh6# 1-0

[Event "Olympiad Women-42"]
[White "Zaksaite, Salomeja"]
[Black "Comas Colon, Rinelly M"]
[Site "Baku"]
[Round "1.12"]
[Result "1-0"]
[Date "2016.09.02"]
[WhiteElo "2298"]
[BlackElo "1773"]
[PlyCount "71"]
[EventDate "2016.09.02"]
[EventType "team-swiss"]
[EventRounds "11"]
[EventCountry "AZE"]
[SourceTitle "CBM 174 Extra"]
[Source "ChessBase"]
[SourceDate "2016.10.10"]
[SourceVersion "1"]
[SourceVersionDate "2016.10.10"]
[SourceQuality "1"]
[WhiteTeam "Lithuania (W)"]
[BlackTeam "Puerto Rico (W)"]
[WhiteTeamCountry "LTU"]
[BlackTeamCountry "PUR"]

1. e4 g6 2. d4 Bg7 3. Nc3 d6 4. Be3 Nf6 5. Nf3 0-0 6. Be2 Bg4 7. h3 Bxf3 8. Bxf3 c6 9. 0-0 e5 10. a4 a5 11. Qd2 Re8 12. Rad1 Na6 13. g3 Qe7 14. Bg2 Nc7 15. f4 exf4 16. gxf4 Nh5 17. Qf2 Bf6 18. Bf3 Bh4 19. Qg2 Ng3 20. Rfe1 Nxe4 21. Bxe4 Bxe1 22. Rxe1 d5 23. Bd3 Qh4 24. Re2 Ne6 25. Qg4 Qxg4+ 26. hxg4 Ng7 27. f5 Rad8 28. Kf2 Rd7 29. Kf3 Rd6 30. Rh2 h5 31. Bf4 hxg4+ 32. Kxg4 gxf5+ 33. Bxf5 Nxf5 34. Kxf5 Rg6 35. Be5 Kf8 36. Ne2 1-0

[Event "PUR-ch (Women)"]
[White "Comas Colon, Rinelly M"]
[Black "Vazquez Maccarini, Danitza"]
[Site "Humacao"]
[Round "9"]
[Result "1/2-1/2"]
[Date "2016.05.15"]
[WhiteElo "1740"]
[BlackElo "2043"]
[PlyCount "68"]
[EventDate "2016.04.22"]
[EventType "tourn"]
[EventRounds "10"]
[EventCountry "PUR"]
[SourceTitle "EXT 2018"]
[Source "ChessBase"]
[SourceDate "2017.10.13"]
[SourceVersion "1"]
[SourceVersionDate "2017.10.13"]
[SourceQuality "1"]

1. c4 e5 2. g3 Nc6 3. Bg2 Nf6 4. Nc3 Bc5 5. a3 a6 6. e3 d6 7. Nge2 Ba7 8. 0-0 0-0 9. b4 Re8 10. d3 Ne7 11. Bb2 c6 12. Rc1 Be6 13. h3 Qd7 14. Kh2 Rad8 15. Qd2 d5 16. cxd5 cxd5 17. d4 e4 18. Nf4 Nc8 19. Nxe6 Rxe6 20. Qe2 h5 21. h4 Ng4+ 22. Kg1 Nb6 23. b5 Nc4 24. a4 axb5 25. axb5 Nb6 26. Ba3 Nc8 27. Na4 b6 28. Bh3 f5 29. Bxg4 hxg4 30. Kg2 Bb8 31. Qb2 Na7 32. Nc3 Ree8 33. Qb3 Kh7 34. Rfe1 Qe6 1/2-1/2

[Event "PUR-ch (Women)"]
[White "Pacheco, Hilzandryly"]
[Black "Comas Colon, Rinelly M"]
[Site "Humacao"]
[Round "8"]
[Result "1-0"]
[Date "2016.05.14"]
[WhiteElo "1780"]
[BlackElo "1740"]
[PlyCount "99"]
[EventDate "2016.04.22"]
[EventType "tourn"]
[EventRounds "10"]
[EventCountry "PUR"]
[SourceTitle "EXT 2018"]
[Source "ChessBase"]
[SourceDate "2017.10.13"]
[SourceVersion "1"]
[SourceVersionDate "2017.10.13"]
[SourceQuality "1"]

1. d4 g6 2. c4 Bg7 3. Nc3 c5 4. d5 d6 5. e4 Nf6 6. Bg5 h6 7. Bh4 0-0 8. Bd3 e6 9. Nge2 exd5 10. exd5 Nbd7 11. f4 Qa5 12. 0-0 Re8 13. Qc2 Nf8 14. Rab1 a6 15. a3 Qc7 16. b4 Bd7 17. h3 b6 18. f5 g5 19. Bf2 Rab8 20. bxc5 bxc5 21. Rxb8 Rxb8 22. Rb1 Rb6 23. Rxb6 Qxb6 24. Qb1 Qc7 25. Qb3 Bc8 26. Ng3 N8d7 27. Nce4 Ne5 28. Nxf6+ Bxf6 29. Bb1 Bd7 30. Qc2 Kf8 31. Nh5 Ke7 32. Qe4 Qa5 33. Qe3 Qb6 34. Qc1 Qb3 35. Nxf6 Kxf6 36. h4 Qxc4 37. hxg5+ hxg5 38. Qb2 Qxd5 39. Bg3 Bxf5 40. Ba2 Qd4+ 41. Qxd4 cxd4 42. Kf1 Bd3+ 43. Kf2 Bc4 44. Bxe5+ dxe5 45. Bxc4 a5 46. Kf3 Kf5 47. g4+ Kg6 48. Bd3+ Kf6 49. Ke4 Ke6 50. Bc4+ 1-0

[Event "Olympiad Women-41"]
[White "Comas Colon, Rinelly M"]
[Black "Zhou, Qiyu"]
[Site "Tromsoe"]
[Round "7.3"]
[Result "0-1"]
[Date "2014.08.09"]
[WhiteElo "1762"]
[BlackElo "2109"]
[PlyCount "110"]
[EventDate "2014.08.02"]
[EventType "team-swiss"]
[EventRounds "11"]
[EventCountry "NOR"]
[SourceTitle "CBM 162"]
[Source "ChessBase"]
[SourceDate "2014.09.17"]
[SourceVersion "1"]
[SourceVersionDate "2014.09.17"]
[SourceQuality "1"]
[WhiteTeam "Puerto Rico (W)"]
[BlackTeam "Canada (W)"]
[WhiteTeamCountry "PUR"]
[BlackTeamCountry "CAN"]

1. c4 e5 2. Nc3 Nc6 3. Nf3 Nf6 4. e4 Bc5 5. Nxe5 Nxe5 6. d4 Bb4 7. dxe5 Nxe4 8. Qf3 Nxc3 9. bxc3 Bc5 10. Be2 Qe7 11. Bf4 0-0 12. 0-0 d6 13. exd6 cxd6 14. Rad1 Bd7 15. Bd3 Bc6 16. Qh5 g6 17. Qg5 Qxg5 18. Bxg5 f6 19. Bf4 g5 20. Bd2 Rae8 21. Rfe1 Kg7 22. Be3 Bxe3 23. Rxe3 Rxe3 24. fxe3 f5 25. Rf1 Bd7 26. Rf3 h6 27. Kf2 Rf6 28. h3 Kf7 29. h4 Kg7 30. hxg5 hxg5 31. g3 Be6 32. Ke1 Kf7 33. Rf2 Ke7 34. Rh2 Rf7 35. Rh8 Rf8 36. Rh7+ Rf7 37. Rh8 Rf8 38. Rh7+ Rf7 39. Rh8 Kd7 40. Rh6 Ke7 41. Rh8 Kf6 42. Rh6+ Ke5 43. Rg6 g4 44. Rh6 d5 45. Kd2 Rd7 46. cxd5 Bxd5 47. Kc2 Bxa2 48. Bb5 Rc7 49. Rh8 Re7 50. Rc8 Be6 51. Rd8 Ke4 52. Rd2 Kf3 53. Bd3 Kxg3 54. e4 f4 55. Bf1 f3 0-1

[Event "Olympiad Women-41"]
[White "Makropoulou, Marina"]
[Black "Comas Colon, Rinelly M"]
[Site "Tromsoe"]
[Round "1.3"]
[Result "1-0"]
[Date "2014.08.02"]
[WhiteElo "2218"]
[BlackElo "1762"]
[PlyCount "69"]
[EventDate "2014.08.02"]
[EventType "team-swiss"]
[EventRounds "11"]
[EventCountry "NOR"]
[SourceTitle "CBM 162"]
[Source "ChessBase"]
[SourceDate "2014.09.17"]
[SourceVersion "1"]
[SourceVersionDate "2014.09.17"]
[SourceQuality "1"]
[WhiteTeam "Greece (W)"]
[BlackTeam "Puerto Rico (W)"]
[WhiteTeamCountry "GRE"]
[BlackTeamCountry "PUR"]

1. e4 g6 2. d4 Bg7 3. Nf3 d6 4. c3 Nf6 5. Bd3 c6 6. Bg5 Nbd7 7. Nbd2 b5 8. h3 Qc7 9. a4 a6 10. axb5 h6 11. bxc6 Qxc6 12. Be3 e6 13. 0-0 0-0 14. Re1 Bb7 15. Nc4 d5 16. Na5 Qc7 17. e5 Ne4 18. Nd2 Nb6 19. Qc2 Nxd2 20. Qxd2 Kh7 21. Qe2 Bc8 22. Rec1 Qd7 23. Ra2 h5 24. Qxh5+ Kg8 25. Qe2 Bb7 26. Rca1 Rfb8 27. Bg5 Qc7 28. h4 Nd7 29. h5 Nf8 30. Nb3 Bc6 31. Nc5 Bb5 32. Bxb5 Rxb5 33. h6 Bh8 34. Qxb5 axb5 35. Rxa8 1-0

[Event "PUR-ch (Women)"]
[White "Comas Colon, Rinelly M"]
[Black "Vazquez Maccarini, Danitza"]
[Site "Gurabo"]
[Round "5"]
[Result "1/2-1/2"]
[Date "2014.03.02"]
[WhiteElo "1763"]
[BlackElo "1911"]
[PlyCount "86"]
[EventDate "2014.02.28"]
[EventType "swiss"]
[EventRounds "5"]
[EventCountry "PUR"]
[SourceTitle "EXT 2015"]
[Source "ChessBase"]
[SourceDate "2014.11.20"]
[SourceVersion "1"]
[SourceVersionDate "2014.11.20"]
[SourceQuality "1"]

1. c4 Nf6 2. g3 e6 3. Bg2 d5 4. Nf3 Be7 5. 0-0 c5 6. d3 0-0 7. Nc3 d4 8. Nb5 a6 9. Na3 Nc6 10. e3 e5 11. exd4 exd4 12. Nb1 Re8 13. Re1 h6 14. a3 Bd6 15. b3 Bg4 16. Rxe8+ Qxe8 17. Qd2 Qe7 18. h3 Bh5 19. Nh4 Re8 20. Nf5 Qe1+ 21. Kh2 Bc7 22. b4 cxb4 23. axb4 Re2 24. Qxe1 Rxe1 25. Bd2 Rd1 26. b5 Ne5 27. Nxd4 Bb6 28. Bc3 Bxd4 29. Bxd4 Nf3+ 30. Bxf3 Bxf3 31. Na3 Rxd3 32. Be3 axb5 33. Nxb5 Kh7 34. Nd4 Be4 35. Rc1 h5 36. Kg1 Ra3 37. Re1 Bd3 38. Nb5 Ra6 39. Rc1 Rc6 40. Na3 Bf5 41. Kg2 Be4+ 42. Kg1 Bf5 43. Kg2 Be4+ 1/2-1/2

[Event "PUR-ch (Women)"]
[White "Figueroa Calderon, Jenid"]
[Black "Comas Colon, Rinelly M"]
[Site "Gurabo"]
[Round "4"]
[Result "0-1"]
[Date "2014.03.02"]
[WhiteElo "1449"]
[BlackElo "1763"]
[PlyCount "80"]
[EventDate "2014.02.28"]
[EventType "swiss"]
[EventRounds "5"]
[EventCountry "PUR"]
[SourceTitle "EXT 2015"]
[Source "ChessBase"]
[SourceDate "2014.11.20"]
[SourceVersion "1"]
[SourceVersionDate "2014.11.20"]
[SourceQuality "1"]

1. e4 g6 2. Nf3 Bg7 3. Bc4 d6 4. h3 Nf6 5. Nc3 0-0 6. d3 c6 7. Be3 Nbd7 8. 0-0 b5 9. Bb3 Nb6 10. Ne2 c5 11. c3 c4 12. Bc2 Bb7 13. Ng3 cxd3 14. Bxd3 Nc4 15. Qc1 Nxe3 16. Qxe3 a6 17. Rad1 Qc7 18. Nh2 Rac8 19. Kh1 Qc5 20. Qd2 d5 21. Rfe1 dxe4 22. Nxe4 Qh5 23. Ng3 Qxh3 24. Rg1 Ng4 25. Ngf1 Qh4 26. f3 Nf2+ 27. Qxf2 Qxf2 28. Rd2 Qh4 29. Re2 Rc5 30. a3 Re5 31. Rc2 Re1 32. Be2 Be5 33. g3 Bxg3 34. Nxg3 Rxg1+ 35. Kxg1 Qxg3+ 36. Kh1 Rd8 37. b3 Rd5 38. c4 Rg5 39. Ng4 Rh5+ 40. Nh2 Qxh2# 0-1